The Impact of the Application of the Prudence Principle on Financial Statements Prepared According to Slovak Accounting Legislation

Objasnenie vplyvu uplatňovania zásady obozretnosti na zostavenú účtovnú závierku podľa slovenských účtovných predpisov.

Guardado en:
Detalles Bibliográficos
Autor principal: Podmanická, Martina, 1977-
Formato: Capítulo de libro
Lenguaje:eslovaco
Materias:
Etiquetas: Agregar Etiqueta
Sin Etiquetas, Sea el primero en etiquetar este registro!

MARC

LEADER 00000naa$a2200000$$$4500
001 0306201
005 20250115125057.9
041 0 |a slo 
044 |a CZ 
245 1 0 |a The Impact of the Application of the Prudence Principle on Financial Statements Prepared According to Slovak Accounting Legislation  |c Martina Podmanická 
520 |a Objasnenie vplyvu uplatňovania zásady obozretnosti na zostavenú účtovnú závierku podľa slovenských účtovných predpisov. 
610 2 0 |a účtovníctvo 
610 2 0 |a účtovníci 
610 2 0 |a závierka účtovná 
610 2 0 |a amortizácia 
610 2 0 |a odpisy 
610 2 0 |a majetok 
610 2 0 |a predpisy 
100 1 |a Podmanická, Martina, 1977-